header

Sex, scandal, and celebrity in late eighteenth-century England (Record no. 221243)

MARC details
000 -LEADER
fixed length control field 01501nam a2200361Ia 4500
082 04 - DEWEY DECIMAL CLASSIFICATION NUMBER
Classification number 364.1/83092
100 1# - MAIN ENTRY--AUTHOR NAME
Personal name Kinservik, Matthew J.,
245 10 - TITLE STATEMENT
Title Sex, scandal, and celebrity in late eighteenth-century England
250 ## - EDITION STATEMENT
Edition statement 1st ed.
260 ## - PUBLICATION, DISTRIBUTION, ETC. (IMPRINT)
Place of publication New York :
Name of publisher Palgrave Macmillan,
Year of publication 2007.
300 ## - PHYSICAL DESCRIPTION
Number of Pages 250 p. :
Other physical details ill.
650 #0 - SUBJECT ADDED ENTRY--TOPICAL TERM
Topical Term Trials (Bigamy)
Topical Term Scandals
Topical Term Mistresses
856 40 - ELECTRONIC LOCATION AND ACCESS
Uniform Resource Identifier http://site.ebrary.com/lib/rucke/Doc?id=10194078

No items available.

© 2026 Rongo University
Contact us: librarian | system librarian | Rongo university